[Event "24. Copenhagen Open  (Politiken Cup)"]
[Site "Copenhagen"]
[Date "2002.07.20"]
[Round "6"]
[White "Jessen, Simon Pind"]
[Black "Tollefsen, Vegard"]
[Result "1-0"]
[WhiteElo "2074"]
[BlackElo "1699"]
[PlyCount "99"]
[EventDate "2002.07.15"]
[EventType "swiss"]
[EventRounds "11"]
[EventCountry "DEN"]
[SourceDate "2004.01.01"]

1. d4 Nf6 2. c4 e5 3. dxe5 Ng4 4. e4 Nxe5 5. Be3 a5 6. a3 Na6 7. Nc3 Bc5 8.
Bxc5 Nxc5 9. Nf3 Ng6 10. Qc2 d6 11. Be2 O-O 12. O-O Re8 13. Rfe1 f6 14. Rad1
Be6 15. Nd4 Bf7 16. f3 Re5 17. Nf5 Nf4 18. Bf1 Qd7 19. Nb5 a4 20. g3 Ng6 21.
Bh3 Qd8 22. Ne3 Nd7 23. Nd4 Nc5 24. Nd5 Re8 25. Nb4 Ne5 26. Nd5 Nb3 27. Kf2 c6
28. Ne3 Qb6 29. Qc3 Rad8 30. Nxb3 axb3 31. Bf1 Bh5 32. g4 Bf7 33. Kg2 h5 34. h3
Ng6 35. Qd4 Qc7 36. Nf5 d5 37. exd5 Rxe1 38. Rxe1 cxd5 39. c5 Rc8 40. gxh5 Nf4+
41. Kh1 Re8 42. Rxe8+ Bxe8 43. Nd6 Nxh5 44. Qxd5+ Bf7 45. Nxf7 Ng3+ 46. Kg2
Nxf1 47. Nd6+ Kh7 48. Kxf1 b6 49. Qh5+ Kg8 50. Qf7+ 1-0

[Event "24. Copenhagen Open  (Politiken Cup)"]
[Site "Copenhagen"]
[Date "2002.07.20"]
[Round "6"]
[White "Jorgensen, Dennis"]
[Black "Nielsen, Palle"]
[Result "1-0"]
[WhiteElo "2097"]
[BlackElo "1473"]
[PlyCount "61"]
[EventDate "2002.07.15"]
[EventType "swiss"]
[EventRounds "11"]
[EventCountry "DEN"]
[SourceDate "2004.01.01"]

1. d4 d5 2. Nf3 Bf5 3. c4 e6 4. Nc3 Nf6 5. Bg5 c6 6. Qb3 Qb6 7. c5 Qxb3 8. axb3
Ne4 9. Nxe4 Bxe4 10. e3 f6 11. Bf4 Nd7 12. b4 Be7 13. Bg3 O-O 14. b5 Nb8 15.
Kd2 Bxf3 16. gxf3 e5 17. b4 exd4 18. exd4 cxb5 19. Bxb5 Nc6 20. Bxc6 bxc6 21.
Ra6 Rfc8 22. Rha1 f5 23. Be5 Bg5+ 24. f4 Bh4 25. Rxa7 Rxa7 26. Rxa7 Bf6 27. Kc3
h6 28. Bxf6 gxf6 29. b5 cxb5 30. Kb4 Re8 31. c6 1-0

[Event "24. Copenhagen Open  (Politiken Cup)"]
[Site "Copenhagen"]
[Date "2002.07.20"]
[Round "6"]
[White "Jorgensen, Orla"]
[Black "Leimand, Hans Erik"]
[Result "0-1"]
[WhiteElo "1420"]
[BlackElo "1587"]
[PlyCount "58"]
[EventDate "2002.07.15"]
[EventType "swiss"]
[EventRounds "11"]
[EventCountry "DEN"]
[SourceDate "2004.01.01"]

1. Nf3 Nf6 2. d4 d5 3. c4 e6 4. Nc3 Be7 5. Bf4 a6 6. c5 O-O 7. h4 Nh5 8. Bg5 f6
9. Bd2 f5 10. Bg5 Nc6 11. e3 Nf6 12. h5 h6 13. Bf4 Bd7 14. Nh4 Be8 15. Ng6 Rf7
16. Qf3 Kh7 17. O-O-O b6 18. Qg3 Ra7 19. Bxa6 bxc5 20. Be2 cxd4 21. exd4 Bb4
22. Kb1 Qa8 23. a3 Bxa3 24. bxa3 Rxa3 25. Kb2 Ne4 26. Qe3 Rxc3 27. Bd3 Qa3+ 28.
Kb1 Rb3+ 29. Kc2 Qb2# 0-1

[Event "24. Copenhagen Open  (Politiken Cup)"]
[Site "Copenhagen"]
[Date "2002.07.20"]
[Round "6"]
[White "Kaaber Hansen, Jacob"]
[Black "Molvig, Henrik"]
[Result "0-1"]
[WhiteElo "2079"]
[BlackElo "2237"]
[PlyCount "120"]
[EventDate "2002.07.15"]
[EventType "swiss"]
[EventRounds "11"]
[EventCountry "DEN"]
[SourceDate "2004.01.01"]

1. e4 c5 2. Nc3 d6 3. g3 Nc6 4. Bg2 g6 5. d3 Bg7 6. f4 e6 7. Nf3 Nge7 8. O-O
O-O 9. Be3 Nd4 10. e5 Bd7 11. Ne4 Nef5 12. Bf2 Nxf3+ 13. Qxf3 Bc6 14. Qd1 dxe5
15. fxe5 Bxe5 16. c3 Rc8 17. Nxc5 Bxg2 18. Kxg2 Rxc5 19. Bxc5 Qd5+ 20. Qf3 Qxc5
21. d4 Qb6 22. dxe5 Ne3+ 23. Kh1 Nxf1 24. Rxf1 Qxb2 25. Rf2 Qb6 26. Rd2 Rd8 27.
Rxd8+ Qxd8 28. Qxb7 Qd1+ 29. Kg2 Qe2+ 30. Kg1 Qxa2 31. Qc7 Qb1+ 32. Kg2 Qb6 33.
Qc8+ Kg7 34. c4 Qb2+ 35. Kf3 Qxe5 36. c5 Qd5+ 37. Ke2 a5 38. c6 a4 39. c7 a3
40. Qd8 a2 41. c8=Q Qxd8 42. Qxd8 a1=Q 43. Qd2 Qe5+ 44. Kf2 Qd5 45. Qc3+ e5 46.
Ke3 Qd4+ 47. Qxd4 exd4+ 48. Kxd4 Kf6 49. Ke4 Kg5 50. Kf3 h6 51. h3 Kf5 52. Ke3
Ke5 53. Kd3 f5 54. Ke3 g5 55. Kf3 h5 56. h4 gxh4 57. gxh4 f4 58. Kf2 Ke4 59.
Ke2 f3+ 60. Kf1 Kf4 0-1

[Event "24. Copenhagen Open  (Politiken Cup)"]
[Site "Copenhagen"]
[Date "2002.07.20"]
[Round "6"]
[White "Kongsted, Halfdan Christian"]
[Black "Nilssen, John Arni"]
[Result "0-1"]
[WhiteElo "2224"]
[BlackElo "2363"]
[PlyCount "46"]
[EventDate "2002.07.15"]
[EventType "swiss"]
[EventRounds "11"]
[EventCountry "DEN"]
[SourceDate "2004.01.01"]

1. d4 Nf6 2. Nc3 d5 3. Bg5 Nbd7 4. Qd2 h6 5. Bf4 a6 6. e4 Nxe4 7. Nxe4 dxe4 8.
f3 Nf6 9. fxe4 Nxe4 10. Qe3 Nf6 11. c4 Ng4 12. Qg3 e5 13. dxe5 Bc5 14. Ke2 Qd4
15. Rd1 Qe4+ 16. Kd2 g5 17. Bxg5 hxg5 18. Nh3 Bf5 19. Bd3 O-O-O 20. Kc3 Rxd3+
21. Rxd3 Qxd3+ 22. Qxd3 Bxd3 23. Kxd3 Rxh3+ 0-1

[Event "24. Copenhagen Open  (Politiken Cup)"]
[Site "Copenhagen"]
[Date "2002.07.20"]
[Round "6"]
[White "Korolev, Nikolaj"]
[Black "Sanchez Martin, Vanessa"]
[Result "1-0"]
[WhiteElo "1964"]
[BlackElo "2123"]
[PlyCount "51"]
[EventDate "2002.07.15"]
[EventType "swiss"]
[EventRounds "11"]
[EventCountry "DEN"]
[SourceDate "2004.01.01"]

1. e4 e6 2. d4 d5 3. Nc3 Bb4 4. e5 Ne7 5. Qg4 c5 6. a3 Bxc3+ 7. bxc3 O-O 8. Nf3
f5 9. Qg3 Qa5 10. Bd2 Qa4 11. Kd1 cxd4 12. cxd4 Nbc6 13. Bd3 Bd7 14. Rb1 Qxa3
15. Rxb7 Qa1+ 16. Bc1 Rad8 17. Qg5 h6 18. Qh4 Ng6 19. Qg3 Be8 20. h4 h5 21. Qg5
Rb8 22. Rxb8 Nxb8 23. g4 fxg4 24. Bxg6 gxf3 25. Bd3 Qxd4 26. Rg1 1-0

[Event "24. Copenhagen Open  (Politiken Cup)"]
[Site "Copenhagen"]
[Date "2002.07.20"]
[Round "6"]
[White "Leimand, Peter Martin"]
[Black "Christensen, Christian"]
[Result "1/2-1/2"]
[WhiteElo "2003"]
[BlackElo "2131"]
[PlyCount "67"]
[EventDate "2002.07.15"]
[EventType "swiss"]
[EventRounds "11"]
[EventCountry "DEN"]
[SourceDate "2004.01.01"]

1. e4 e5 2. Nc3 Nf6 3. Nf3 Nc6 4. d4 exd4 5. Nxd4 Bb4 6. Nxc6 bxc6 7. Bd3 d5 8.
exd5 cxd5 9. O-O O-O 10. Bg5 Bb7 11. Bxf6 Qxf6 12. Nxd5 Bxd5 13. Bxh7+ Kxh7 14.
Qxd5 Rfe8 15. c4 Rad8 16. Qb7 Bc5 17. Qxc7 Bb6 18. Qg3 Rd2 19. Kh1 Rxf2 20.
Qd3+ g6 21. b4 Re3 22. Qd1 Bc7 23. Rxf2 Qxf2 24. Qf1 Qxf1+ 25. Rxf1 Kg7 26. g3
Re2 27. a3 Ra2 28. Rf3 f5 29. Rd3 Kf6 30. Rd7 Bb6 31. c5 Bxc5 32. bxc5 Rxa3 33.
c6 Rc3 34. Rxa7 1/2-1/2

[Event "24. Copenhagen Open  (Politiken Cup)"]
[Site "Copenhagen"]
[Date "2002.07.20"]
[Round "6"]
[White "Li, Mike"]
[Black "Olsen, Miriam Frida"]
[Result "0-1"]
[WhiteElo "1475"]
[BlackElo "1894"]
[PlyCount "120"]
[EventDate "2002.07.15"]
[EventType "swiss"]
[EventRounds "11"]
[EventCountry "DEN"]
[SourceDate "2004.01.01"]

1. d4 f5 2. c4 Nf6 3. g3 g6 4. Bg2 Bg7 5. Nc3 O-O 6. Nf3 d6 7. O-O Qe8 8. d5 c6
9. Rb1 Na6 10. Nd2 e5 11. e4 Nc7 12. b4 cxd5 13. exd5 e4 14. Nb3 Nd7 15. Ne2
Qf7 16. Ned4 Ne5 17. Qc2 Bd7 18. b5 Rfc8 19. Qe2 Ne8 20. Nc6 bxc6 21. bxc6 Bxc6
22. dxc6 Rxc6 23. Na5 Rc7 24. Rb4 Rac8 25. f3 exf3 26. Bxf3 Nxf3+ 27. Rxf3 Qe7
28. Qxe7 Rxe7 29. Bf4 Bd4+ 30. Kf1 Bb6 31. Nb3 Rec7 32. Nd2 Kf7 33. Rb2 Bd4 34.
Rc2 Be5 35. Bg5 d5 36. c5 Rxc5 37. Rxc5 Rxc5 38. Nb3 Rc2 39. Re3 Bf6 40. Bxf6
Nxf6 41. Re2 Rxe2 42. Kxe2 Ne4 43. Ke3 Kf6 44. a4 a6 45. Nd4 Nc5 46. a5 Ne6 47.
Nc6 g5 48. Nb4 Nc7 49. h3 Ke5 50. Nc6+ Kd6 51. Nd4 Ke5 52. Nf3+ Kf6 53. Nd4 Ne6
54. Nf3 f4+ 55. gxf4 gxf4+ 56. Ke2 Ng5 57. Ng1 Kf5 58. Kd3 Ke5 59. h4 Ne6 60.
Nf3+ Kf5 0-1

[Event "24. Copenhagen Open  (Politiken Cup)"]
[Site "Copenhagen"]
[Date "2002.07.20"]
[Round "6"]
[White "Lie, Terje"]
[Black "Baldursson, Rani"]
[Result "0-1"]
[WhiteElo "1913"]
[BlackElo "1426"]
[PlyCount "100"]
[EventDate "2002.07.15"]
[EventType "swiss"]
[EventRounds "11"]
[EventCountry "DEN"]
[SourceDate "2004.01.01"]

1. d4 Nf6 2. c4 g6 3. Nc3 Bg7 4. e4 d6 5. f3 O-O 6. Be3 e5 7. Nge2 Nc6 8. Rb1
Nd7 9. d5 Ne7 10. b4 f5 11. b5 f4 12. Bf2 g5 13. a4 Rf6 14. Nc1 Rh6 15. Nb3 b6
16. Ra1 Nf6 17. a5 Bd7 18. Be2 Qe8 19. axb6 axb6 20. O-O Rxa1 21. Qxa1 Qh5 22.
h4 gxh4 23. Qa7 Ne8 24. c5 dxc5 25. d6 Rxd6 26. Bc4+ Be6 27. Bxe6+ Rxe6 28. Rd1
h3 29. Qa8 hxg2 30. Kxg2 Rh6 31. Kf1 Qxf3 32. Qxe8+ Bf8 33. Ke1 Rh1+ 34. Kd2
Qxf2+ 35. Kc1 Qe3+ 36. Kc2 Rxd1 37. Nxd1 Qxe4+ 38. Kd2 f3 39. Nf2 Qe2+ 40. Kc3
Qxf2 41. Qh5 Qg3 42. Nd2 f2+ 43. Kc4 Qf4+ 44. Kd3 Qxd2+ 45. Kxd2 f1=Q 46. Qxe5
Bh6+ 47. Kc2 Qf5+ 48. Qxf5 Nxf5 49. Kd3 Nd4 50. Kc4 Bf4 0-1

[Event "24. Copenhagen Open  (Politiken Cup)"]
[Site "Copenhagen"]
[Date "2002.07.20"]
[Round "6"]
[White "Lilja, Richard"]
[Black "Hansen, Alexei"]
[Result "1-0"]
[WhiteElo "2123"]
[BlackElo "1563"]
[PlyCount "33"]
[EventDate "2002.07.15"]
[EventType "swiss"]
[EventRounds "11"]
[EventCountry "DEN"]
[SourceDate "2004.01.01"]

1. e4 g6 2. d4 Bg7 3. Nf3 d6 4. Bc4 Nf6 5. Nc3 O-O 6. O-O Nbd7 7. e5 Ne8 8. e6
fxe6 9. Ng5 Nb6 10. Bxe6+ Bxe6 11. Nxe6 Qd7 12. Nxf8 Bxf8 13. Re1 Qf5 14. Qe2
Ng7 15. Bh6 Kf7 16. Rad1 d5 17. Rd3 1-0

[Event "24. Copenhagen Open  (Politiken Cup)"]
[Site "Copenhagen"]
[Date "2002.07.20"]
[Round "6"]
[White "Lonborg, Morten"]
[Black "Andersen, Esben"]
[Result "1-0"]
[WhiteElo "2152"]
[BlackElo "1690"]
[PlyCount "53"]
[EventDate "2002.07.15"]
[EventType "swiss"]
[EventRounds "11"]
[EventCountry "DEN"]
[SourceDate "2004.01.01"]

1. d4 d5 2. c4 dxc4 3. e3 Nf6 4. Bxc4 g6 5. Nf3 Bg7 6. Nc3 O-O 7. O-O Nbd7 8.
e4 Nb6 9. Bb3 c6 10. h3 Qc7 11. Be3 e6 12. Rc1 Bd7 13. Qe2 Nh5 14. Qd2 Nf6 15.
a4 a5 16. Rfd1 Kh8 17. d5 exd5 18. exd5 Qd8 19. dxc6 bxc6 20. Bc5 Re8 21. Bxf7
Bf8 22. Bd4 Be6 23. Bxe8 Nc4 24. Qg5 Bg7 25. Bxf6 Bxf6 26. Rxd8 Bxg5 27. Rxa8
1-0

[Event "24. Copenhagen Open  (Politiken Cup)"]
[Site "Copenhagen"]
[Date "2002.07.20"]
[Round "6"]
[White "Manley, Christian"]
[Black "Opstrup, Niels"]
[Result "1-0"]
[WhiteElo "1469"]
[BlackElo "1196"]
[PlyCount "95"]
[EventDate "2002.07.15"]
[EventType "swiss"]
[EventRounds "11"]
[EventCountry "DEN"]
[SourceDate "2004.01.01"]

1. d4 Nf6 2. c4 e5 3. dxe5 Ng4 4. Nf3 Nc6 5. Bf4 Bb4+ 6. Nbd2 Qe7 7. a3 Ngxe5
8. Nxe5 Nxe5 9. e3 Bxd2+ 10. Qxd2 d6 11. Be2 O-O 12. Qc3 Re8 13. Bf3 c6 14.
O-O-O Bf5 15. g4 Bg6 16. Be2 Rad8 17. h4 Nxg4 18. Bxg4 Qe4 19. h5 Bf5 20. Bxf5
Qxf5 21. h6 Qf6 22. Qxf6 gxf6 23. Rhg1+ Kh8 24. Rxd6 Rxd6 25. Bxd6 Re6 26. c5
f5 27. Rg7 Rxh6 28. Rxf7 Kg8 29. Rxf5 Re6 30. Be5 b6 31. b4 bxc5 32. bxc5 a6
33. f3 Rg6 34. e4 Rg2 35. Bb2 Rh2 36. f4 h5 37. Rg5+ Kf7 38. f5 h4 39. Be5 Re2
40. Rg7+ Kf8 41. Rg4 h3 42. Rh4 Re3 43. a4 Kf7 44. a5 Ra3 45. Rh7+ Ke8 46. f6
Rxa5 47. f7+ Ke7 48. Bd6+ 1-0

[Event "24. Copenhagen Open  (Politiken Cup)"]
[Site "Copenhagen"]
[Date "2002.07.20"]
[Round "6"]
[White "Matamoros Franco, Carlos S"]
[Black "Adamski, Jan"]
[Result "1-0"]
[WhiteElo "2473"]
[BlackElo "2304"]
[PlyCount "107"]
[EventDate "2002.07.15"]
[EventType "swiss"]
[EventRounds "11"]
[EventCountry "DEN"]
[SourceDate "2004.01.01"]

1. c4 Nf6 2. g3 e6 3. Bg2 d5 4. Nf3 dxc4 5. Qa4+ Nbd7 6. Qxc4 c5 7. Qb3 Rb8 8.
a4 b6 9. d3 Bd6 10. Na3 a6 11. Nc4 Bc7 12. Bd2 Bb7 13. O-O O-O 14. Qa3 Ng4 15.
b4 Nde5 16. Nfxe5 Nxe5 17. Rac1 Nxc4 18. Rxc4 Bd5 19. Rc2 Bxg2 20. Kxg2 Bd6 21.
bxc5 Bxc5 22. Bb4 Bxb4 23. Qxb4 b5 24. axb5 axb5 25. Rc5 Qd7 26. Rb1 g6 27.
Rxb5 Qc6+ 28. Kg1 Rxb5 29. Qxb5 Qc2 30. Rb2 Qc1+ 31. Kg2 h5 32. h3 Qc3 33. Qb7
Rc8 34. Ra2 Rf8 35. Ra8 Rxa8 36. Qxa8+ Kg7 37. Qe4 Kg8 38. d4 Qb2 39. h4 Kf8
40. Kf3 Qc3+ 41. Kf4 Qe1 42. Qe3 Qa5 43. Qe5 Qd2+ 44. e3 Qxf2+ 45. Kg5 Qf3 46.
Kh6 Qf5 47. Qd6+ Ke8 48. Qf4 Qb5 49. Kg7 Qb7 50. Qd6 f5+ 51. Kf6 Qf7+ 52. Ke5
Qg7+ 53. Kxe6 Qb7 54. Kf6 1-0

[Event "24. Copenhagen Open  (Politiken Cup)"]
[Site "Copenhagen"]
[Date "2002.07.20"]
[Round "6"]
[White "Mathiesen, Erik"]
[Black "Rasmussen, Henning"]
[Result "1/2-1/2"]
[WhiteElo "1958"]
[BlackElo "1743"]
[PlyCount "115"]
[EventDate "2002.07.15"]
[EventType "swiss"]
[EventRounds "11"]
[EventCountry "DEN"]
[SourceDate "2004.01.01"]

1. e4 e6 2. Nf3 d5 3. Nc3 Nf6 4. e5 Nfd7 5. d4 c5 6. Bb5 Be7 7. O-O a6 8. Bxd7+
Bxd7 9. Ne2 Bb5 10. c3 Nc6 11. Re1 Bxe2 12. Rxe2 cxd4 13. Nxd4 Qc7 14. Qb3 O-O
15. Bf4 Nxd4 16. cxd4 Rfc8 17. Kf1 Qd7 18. Bd2 Rc6 19. Bc3 Rac8 20. Qd1 b5 21.
a3 Rc4 $11 22. f4 Qb7 23. Qd3 b4 24. axb4 Bxb4 25. Bxb4 Qxb4 26. Rd2 a5 27. Ke2
g6 28. g4 Rc1 29. Rxc1 Rxc1 30. f5 gxf5 31. gxf5 exf5 32. Qxf5 Qc4+ 33. Qd3 Kf8
34. Qxc4 Rxc4 35. Kd3 Rc6 36. Rc2 Rh6 37. Rd2 Ke7 38. Kc2 f6 39. exf6+ Kxf6 40.
Kb3 Kf5 41. Re2 Rb6+ 42. Ka3 Kg4 43. Re5 Rb5 44. b3 h5 45. h3+ Kxh3 46. Rxh5+
Kg4 47. Re5 Kf4 $11 48. Ka4 Rb4+ 49. Kxa5 Rxd4 50. Re8 Re4 51. Rd8 d4 52. Kb4
Ke3 53. Kc4 Re7 54. b4 Rc7+ 55. Kb3 d3 56. Re8+ Kf2 57. Rd8 Ke2 58. b5 1/2-1/2

[Event "24. Copenhagen Open  (Politiken Cup)"]
[Site "Copenhagen"]
[Date "2002.07.20"]
[Round "6"]
[White "McShane, Rod"]
[Black "Jorgensen, Morten"]
[Result "0-1"]
[WhiteElo "1500"]
[BlackElo "1257"]
[PlyCount "82"]
[EventDate "2002.07.15"]
[EventType "swiss"]
[EventRounds "11"]
[EventCountry "DEN"]
[SourceDate "2004.01.01"]

1. e4 c5 2. Nf3 d6 3. d4 cxd4 4. Nxd4 Nf6 5. Nc3 Nc6 6. Be3 e5 7. Nb3 Be7 8. f3
O-O 9. Qd2 Be6 10. Nd5 Bxd5 11. exd5 Nb8 12. O-O-O b6 13. h4 e4 14. fxe4 Nxe4
15. Qe1 Nd7 16. Nd4 Re8 17. Nc6 Qc7 18. Qb4 Bf6 19. Bf4 Nf2 20. Bxd6 Qc8 21.
Be7 Nxd1 22. Bxf6 Nxf6 23. Ne7+ Rxe7 24. Qxe7 Nf2 25. Rg1 Qe8 26. d6 Qxe7 27.
dxe7 Re8 28. Bb5 Rxe7 29. Rf1 N6e4 30. Bc4 Re5 31. g4 b5 32. Bb3 a5 33. a3 Kf8
34. g5 g6 35. Ba2 Ke7 36. Bb1 b4 37. axb4 axb4 38. Ba2 f6 39. gxf6+ Kxf6 40.
Bg8 Kg7 41. Bb3 Rh5 0-1

[Event "24. Copenhagen Open  (Politiken Cup)"]
[Site "Copenhagen"]
[Date "2002.07.20"]
[Round "6"]
[White "Moen, Andreas"]
[Black "Peralta, Fernando"]
[Result "0-1"]
[WhiteElo "2278"]
[BlackElo "2478"]
[PlyCount "38"]
[EventDate "2002.07.15"]
[EventType "swiss"]
[EventRounds "11"]
[EventCountry "DEN"]
[SourceDate "2004.01.01"]

1. d4 d5 2. c4 c6 3. Nc3 dxc4 4. a4 e5 5. Nf3 exd4 6. Qxd4 Qxd4 7. Nxd4 Bc5 8.
Nc2 Na6 9. e4 Be6 10. Be2 O-O-O 11. O-O Nf6 12. Ne3 Bd4 13. Bd2 Nc5 14. Nxc4
Nfxe4 15. Nxe4 Nxe4 16. Bf4 g5 17. Be5 Bxc4 18. Bg4+ Be6 19. Bxh8 Rxh8 0-1

[Event "24. Copenhagen Open  (Politiken Cup)"]
[Site "Copenhagen"]
[Date "2002.07.20"]
[Round "6"]
[White "Moller, Arne"]
[Black "Skovgaard, Tom"]
[Result "0-1"]
[WhiteElo "1808"]
[BlackElo "2074"]
[PlyCount "60"]
[EventDate "2002.07.15"]
[EventType "swiss"]
[EventRounds "11"]
[EventCountry "DEN"]
[SourceDate "2004.01.01"]

1. e4 Nf6 2. e5 Nd5 3. d4 d6 4. Nf3 g6 5. c4 Nb6 6. Nc3 Bg7 7. Be3 Nc6 8. exd6
cxd6 9. Qd2 Bg4 10. O-O-O Bxf3 11. gxf3 d5 12. cxd5 Nxd5 13. Kb1 O-O 14. Ne4
Qa5 15. Qxa5 Nxa5 16. h4 h5 17. Bh3 e6 18. Nc5 Rfd8 19. Bg5 Rd6 20. Rhe1 Re8
21. Bd2 Nc4 22. Bc1 b6 23. Ne4 Rc6 24. Bf1 f5 25. b3 fxe4 26. fxe4 Nc3+ 27. Ka1
Nxd1 28. Bxc4 Bxd4+ 29. Kb1 Nc3+ 30. Kc2 b5 0-1

[Event "24. Copenhagen Open  (Politiken Cup)"]
[Site "Copenhagen"]
[Date "2002.07.20"]
[Round "6"]
[White "Mortensen, Erling"]
[Black "Henriksen, Geir Ivar"]
[Result "1-0"]
[WhiteElo "2450"]
[BlackElo "2209"]
[PlyCount "87"]
[EventDate "2002.07.15"]
[EventType "swiss"]
[EventRounds "11"]
[EventCountry "DEN"]
[SourceDate "2004.01.01"]

1. e4 c5 2. Nf3 Nc6 3. d4 cxd4 4. Nxd4 Qc7 5. Nc3 e6 6. g3 a6 7. Bg2 Nf6 8. O-O
Bc5 9. Nxc6 dxc6 10. Na4 Ba7 11. c4 Nd7 12. b4 b5 13. Nb2 O-O 14. c5 a5 15. a3
e5 16. Nd3 Bb8 17. Bb2 Qd8 18. f4 Qe7 19. Qf3 axb4 20. axb4 Rxa1 21. Rxa1 Rd8
22. f5 h6 23. g4 f6 24. h4 Nf8 25. Ne1 Nh7 26. Qe3 Bd7 27. Nf3 Be8 28. Bf1 Rd7
29. Be2 Bc7 30. Kf2 Bd8 31. Bd1 Ra7 32. Bb3+ Bf7 33. Rd1 Rd7 34. Rg1 Bxb3 35.
Qxb3+ Qf7 36. Qxf7+ Kxf7 37. g5 hxg5 38. hxg5 Nf8 39. Ra1 Rc7 40. Ra8 Ke8 41.
Kg3 Rd7 42. Bxe5 fxe5 43. Nxe5 Rc7 44. g6 1-0

[Event "24. Copenhagen Open  (Politiken Cup)"]
[Site "Copenhagen"]
[Date "2002.07.20"]
[Round "6"]
[White "Nielsen, Jens Holm"]
[Black "Thestrup, Sixten"]
[Result "1-0"]
[WhiteElo "2098"]
[BlackElo "1430"]
[PlyCount "91"]
[EventDate "2002.07.15"]
[EventType "swiss"]
[EventRounds "11"]
[EventCountry "DEN"]
[SourceDate "2004.01.01"]

1. Nc3 d5 2. e4 d4 3. Nce2 e5 4. Ng3 c5 5. Bc4 Nf6 6. Nf3 Bd6 7. d3 O-O 8. Bg5
h6 9. Bd2 Bd7 10. a4 Nc6 11. Nh4 Ne7 12. Nh5 Nxh5 13. Qxh5 Be6 14. Bxe6 fxe6
15. Qg4 Rf6 16. O-O Qe8 17. f4 exf4 18. Bxf4 Bxf4 19. Rxf4 Rxf4 20. Qxf4 g5 21.
Qg3 Kh7 22. Nf3 Ng6 23. Qc7+ Qe7 24. Qxe7+ Nxe7 25. c3 Nc6 26. cxd4 cxd4 27.
Rc1 Kg6 28. Rc5 Kf6 29. a5 a6 30. Ne1 Rf8 31. Kf2 Ke7+ 32. Ke2 Kd6 33. Rc4 Rf7
34. Ra4 Rc7 35. Nf3 e5 36. Nd2 Ne7 37. Nc4+ Ke6 38. Ra1 Ng6 39. g3 Nh8 40. Ra3
Nf7 41. Rb3 Nd6 42. Rb4 Nxc4 43. dxc4 h5 44. Kd3 Kd6 45. Rb6+ Kc5 46. b4# 1-0

[Event "24. Copenhagen Open  (Politiken Cup)"]
[Site "Copenhagen"]
[Date "2002.07.20"]
[Round "6"]
[White "Nielsen, Jorgen Kamp"]
[Black "Madsen, Simon Rise"]
[Result "0-1"]
[WhiteElo "1400"]
[BlackElo "1202"]
[PlyCount "24"]
[EventDate "2002.07.15"]
[EventType "swiss"]
[EventRounds "11"]
[EventCountry "DEN"]
[SourceDate "2004.01.01"]

1. e4 e5 2. f4 d6 3. Nf3 Nc6 4. Nc3 Nf6 5. d4 Nxd4 6. Nxd4 exd4 7. Qxd4 c5 8.
Qf2 Be7 9. h3 O-O 10. e5 dxe5 11. fxe5 Nd5 12. Qg3 Bh4 0-1

[Event "24. Copenhagen Open  (Politiken Cup)"]
[Site "Copenhagen"]
[Date "2002.07.20"]
[Round "6"]
[White "Nielsen, Michael"]
[Black "Jensen, Allan Astrup"]
[Result "1/2-1/2"]
[WhiteElo "2086"]
[BlackElo "2205"]
[PlyCount "84"]
[EventDate "2002.07.15"]
[EventType "swiss"]
[EventRounds "11"]
[EventCountry "DEN"]
[SourceDate "2004.01.01"]

1. e4 c5 2. Nf3 d6 3. d4 cxd4 4. Nxd4 Nf6 5. Nc3 g6 6. Be3 Bg7 7. f3 O-O 8. Qd2
Nc6 9. O-O-O Nxd4 10. Bxd4 Be6 11. Kb1 a6 12. h4 Re8 13. Nd5 Bxd5 14. exd5 e5
15. Be3 Rc8 16. h5 Nxh5 17. Bh6 Qe7 18. g4 Nf4 19. Qh2 Bxh6 20. Qxh6 f6 21. Bd3
Rc5 22. Be4 Rec8 23. Rdg1 Qg7 24. Qh4 b5 25. Bf5 Re8 26. g5 fxg5 27. Qxg5 Rxd5
28. Rg4 Rd4 29. c3 Rc4 30. Bc2 d5 31. Rgh4 Nh5 32. R4h2 Rc7 33. Qe3 Qf6 34. Bb3
Rd7 35. Rg1 Nf4 36. a4 b4 37. cxb4 Kh8 38. a5 d4 39. Qe4 Rb8 40. Ba4 Rc7 41.
Bc2 Rcb7 42. Rgh1 Re7 1/2-1/2

[Event "24. Copenhagen Open  (Politiken Cup)"]
[Site "Copenhagen"]
[Date "2002.07.20"]
[Round "6"]
[White "Nielsen, Thomas"]
[Black "Rasmussen, Bent"]
[Result "1-0"]
[WhiteElo "2018"]
[BlackElo "1658"]
[PlyCount "79"]
[EventDate "2002.07.15"]
[EventType "swiss"]
[EventRounds "11"]
[EventCountry "DEN"]
[SourceDate "2004.01.01"]

1. d4 d5 2. c4 e6 3. Nc3 Nf6 4. Bg5 Nbd7 5. cxd5 exd5 6. Nf3 c6 7. e3 Be7 8.
Qc2 O-O 9. Bd3 Re8 10. O-O-O a5 11. h4 h6 12. Bf5 Nf8 13. Bxf6 Bxf6 14. g4 g6
15. Bxc8 Rxc8 16. g5 Bg7 17. gxh6 Bxh6 18. h5 g5 19. Ne5 Bg7 20. Ng4 Qd7 21.
Rdg1 Nh7 22. h6 Bh8 23. f4 f5 24. fxg5 fxg4 25. Qg6+ Bg7 26. Rxg4 Nf8 27. Qxg7+
Qxg7 28. hxg7 Kxg7 29. Kd2 Re6 30. Ne2 Rce8 31. Ng3 Kg8 32. Nf5 Ng6 33. Rh6 b6
34. Rg3 Nf8 35. Rh2 Rg6 36. Rgh3 Rxg5 37. Rh8+ Kf7 38. Nd6+ Ke7 39. Nxe8 Kxe8
40. Rf2 1-0

[Event "24. Copenhagen Open  (Politiken Cup)"]
[Site "Copenhagen"]
[Date "2002.07.20"]
[Round "6"]
[White "Norton, Craig"]
[Black "Timmermans, Ivo"]
[Result "0-1"]
[WhiteElo "1832"]
[BlackElo "2177"]
[PlyCount "162"]
[EventDate "2002.07.15"]
[EventType "swiss"]
[EventRounds "11"]
[EventCountry "DEN"]
[SourceDate "2004.01.01"]

1. d4 d5 2. Nf3 e6 3. e3 c5 4. b3 Nc6 5. Bd3 Nf6 6. O-O Bd6 7. Bb2 O-O 8. Nbd2
Qc7 9. dxc5 Bxc5 10. Bxf6 gxf6 11. c4 Ne5 12. Nxe5 Qxe5 13. Qe2 Rd8 14. Rad1 f5
15. cxd5 Rxd5 16. Bc4 Rd7 17. Nf3 Qf6 18. Rd2 a6 19. a4 Bb4 20. Rd3 Be7 21. e4
Rb8 22. exf5 Rxd3 23. Bxd3 exf5 24. Re1 Be6 25. Ne5 Bb4 26. Rf1 Bc3 27. f4 Bxb3
28. Rf3 Rc8 29. Rg3+ Kh8 30. h3 Bd4+ 31. Kh2 Rg8 32. Rxg8+ Kxg8 33. Bc4 Bxe5
34. fxe5 Bxc4 35. Qxc4 Qxe5+ 36. Kh1 Qe1+ 37. Kh2 Qe5+ 38. Kh1 Kg7 39. Qb4 Qa1+
40. Kh2 Qe5+ 41. Kh1 Qe4 42. Qc3+ Kg6 43. Qg3+ Kf6 44. Qd6+ Qe6 45. Qd4+ Kg6
46. Qb4 Qd5 47. Qb6+ Qc6 48. Qb3 Qc1+ 49. Kh2 Qf4+ 50. Kh1 Qc1+ 51. Kh2 Qc7+
52. Kh1 b6 53. Qb4 Qc5 54. Qh4 h6 55. Qg3+ Kh7 56. Qb3 Qc1+ 57. Kh2 Qc7+ 58.
Kh1 Kg7 59. Qb1 Qc5 60. Qb2+ Kg6 61. Qb3 b5 62. Qg3+ Kh7 63. Qh4 Qc1+ 64. Kh2
Qc4 65. Qf2 f4 66. axb5 axb5 67. Qb6 b4 68. Qf6 b3 69. Qf5+ Kg8 70. Qf6 Qc7 71.
Kh1 Qc1+ 72. Kh2 Qe3 73. h4 Qg3+ 74. Kh1 Qe1+ 75. Kh2 Qf2 76. Qxh6 Qg3+ 77. Kh1
b2 78. Qb6 Qxh4+ 79. Kg1 Qe1+ 80. Kh2 b1=Q 81. Qd8+ Kh7 0-1